000 00630nam a2200181Ia 4500
008 151018s9999 xx 000 0 und d
082 _bRBASDV9677
_a891.463
100 _aइडगार बरोज राईस
245 _aटारझन भाग-१० वा
250 _b2
260 _bभारतीय प्रकाशन संस्था
_c1969
300 _a88
600 _aइडगार बरोज राईस
630 _aटारझन भाग-१० वा
700 _aइडगार बरोज राईस
730 _aटारझन भाग-१० वा
942 _cBOOK
999 _c1012041
_d1012038